000 00949nam0a22002531 4500
001 rc\455024
005 20250621092046.0
035 _a(NLR Aleph) 005699810
090 _a7265362
_c7265362
100 _a20030616d1988 |||y0rusy50 ca
101 0 _arus
102 _aRU
105 _aa |||||||||
200 1 _aШум и вибрация полиграфических машин
_eСб. науч. тр.
_fНПО "Полиграфмаш", ВНИИ полигр. машиностроения
_g[Отв. ред. С.С. Чистозвонов]
210 _aМ.
_cВНИИполиграфмаш
_d1988 (1989)
215 _a85, [1] с.
_cил.
_d20
320 _aБиблиогр. в конце ст.
702 1 _aЧистозвонов
_bС.С.
_4340
712 0 2 _aВНИИ полиграфического машиностроения
801 0 _aRU
_bNLR
_gpsbo
801 1 _aRU
_bELAR
_2rusmarc
852 _aNLR
_j89-4/11161
942 _cBOOK
980 _aNB